| 000 | 00777cam a2200277 4500 | ||
|---|---|---|---|
| 008 | 090401t1998 xxu||||| |||| 00| 0 eng d | ||
| 020 | _a1857120736 | ||
| 035 | _a(Sirsi) u88736 | ||
| 041 | _aeng | ||
| 050 | _a657.7 | ||
| 110 |
_aAccounting Standards Board _93454 |
||
| 240 | _aFRS 12 | ||
| 245 | _aProvisions, contingent liabilities and contingent assets | ||
| 260 |
_aMilton Keynes _bASB Publications _c1998 |
||
| 300 |
_a88p. _c21cm. |
||
| 350 | _a8 | ||
| 490 |
_aASB Financial Reporting Standard _v12 |
||
| 650 | _aACCOUNTING STANDARDS | ||
| 650 | _aCONTINGENT ASSETS | ||
| 650 | _aCONTINGENT LIABILITIES | ||
| 650 | _aFINANCIAL REPORTING | ||
| 650 | _aFRS 12 | ||
| 690 | _aPROPERTY-PROPERTY FINANCE AND INVESTMENT | ||
| 942 | _n0 | ||
| 948 | _c29/09/1998 | ||
| 999 |
_c97379 _d97379 |
||